[Event "DVM U20w 2003"]
[Site "Ditzingen GER"]
[Date "2003.12.30"]
[Round "7"]
[White "Peschke, Susanne"]
[Black "Lehner, Martina"]
[Result "1-0"]
[Termination "normal"]
[Board "4.2"]
[WhiteElo "1626"]
[BlackElo "1241"]
[WhiteTeam "Hamburger SK von 1830"]
[BlackTeam "Allersberger SC 2000"]
[PlyCount "143"]
[EventCountry "GER"]
[EventRounds "7"]
[EventType "team-swiss"]
[EventDate "2003.12.26"]

1. d4 d5 2. Nf3 e6 3. e3 c5 4. c4 Nc6 5. cxd5 exd5 6. dxc5 Bxc5 7. a3 a5 8. Bb5
Nge7 9. O-O Bb6 10. Nc3 O-O 11. b3 Bc7 12. Bb2 Be6 13. Ne2 Bg4 14. Ned4 f6 15.
h3 Bd7 16. Bd3 Ng6 17. Qc2 Nce7 18. h4 Rc8 19. Qb1 f5 20. Ne2 Nc6 21. h5 Nh4
22. Ng3 Nxf3+ 23. gxf3 Ne5 24. Be2 Qh4 25. f4 Ng4 26. Bxg4 Qxg4 27. Qd3 Bc6 28.
Bd4 Bd8 29. Kg2 Bh4 30. Rh1 Bxg3 31. fxg3 Bb5 32. Qd2 Rc6 33. Ra2 Rfc8 34. Rh4
Qe2+ 35. Qxe2 Bxe2 36. Rxe2 Rc2 37. Rxc2 Rxc2+ 38. Kf3 Rd2 39. Bc3 Rd3 40. Bxa5
Rxb3 41. Bb4 d4 42. Bc5 d3 43. Rh2 b6 44. Bb4 Kf7 45. Rd2 Ke6 46. e4 fxe4+ 47.
Kxe4 g6 48. hxg6 hxg6 49. Rxd3 Rxd3 50. Kxd3 Kf5 51. a4 Kg4 52. Kc4 Kxg3 53.
Bd6 Kg4 54. Kb5 g5 55. fxg5 Kxg5 56. Kxb6 Kf5 57. a5 Ke4 58. a6 Kd5 59. a7 Kxd6
60. a8=Q Ke5 61. Qd8 Ke4 62. Kc5 Ke3 63. Kc4 Ke2 64. Qd3+ Kf2 65. Qe4 Kg3 66.
Qf5 Kg2 67. Kd3 Kg3 68. Ke3 Kg2 69. Qf3+ Kh2 70. Qg4 Kh1 71. Kf2 Kh2 72. Qg2#
1-0

[Event "DVM U20w 2003"]
[Site "Ditzingen GER"]
[Date "2003.12.30"]
[Round "7"]
[White "Lehner, Marianne"]
[Black "Goedeke Tort, Maheba"]
[Result "0-1"]
[Termination "normal"]
[Board "4.3"]
[WhiteElo "1295"]
[BlackElo "1461"]
[WhiteTeam "Allersberger SC 2000"]
[BlackTeam "Hamburger SK von 1830"]
[PlyCount "180"]
[EventCountry "GER"]
[EventRounds "7"]
[EventType "team-swiss"]
[EventDate "2003.12.26"]

1. e4 e5 2. Bc4 Nf6 3. Nc3 Bc5 4. Nf3 Nc6 5. d3 h6 6. O-O d6 7. h3 O-O 8. Re1
Re8 9. Nd5 Nxd5 10. Bxd5 Ne7 11. c3 Nxd5 12. exd5 Bf5 13. d4 exd4 14. Nxd4 Bg6
15. Be3 Bb6 16. Qd2 Qd7 17. Nb3 Bxe3 18. Rxe3 Rxe3 19. Qxe3 Qe8 20. Qd2 Qe4 21.
Re1 Qd3 22. Re3 Qxd2 23. Nxd2 Kf8 24. Nc4 Re8 25. Na5 Rxe3 26. fxe3 b6 27. Nc6
a5 28. Kf2 Be4 29. Na7 Bxd5 30. Nb5 Bxa2 31. Nxc7 Ke7 32. Nb5 Bc4 33. Nd4 Bd5
34. Nf5+ Kf6 35. Nxd6 Ke5 36. Nc8 b5 37. Nb6 f6 38. g3 Kd6 39. Nc8+ Kc5 40. Ne7
Be6 41. h4 b4 42. cxb4+ Kxb4 43. Nc6+ Ka4 44. Ke1 Bd5 45. Nd4 Kb4 46. Kd2 h5
47. Kc1 Kc4 48. Kd2 Kc5 49. Kc3 a4 50. Ne2 g5 51. Nd4 gxh4 52. gxh4 Kd6 53. Kb4
Ke5 54. Kxa4 Ke4 55. Nc2 Kf3 56. Kb4 Kg4 57. Kc5 Be4 58. Ne1 Kxh4 59. Kd4 f5
60. Nd3 Kg4 61. Nf4 h4 62. b4 h3 63. Nxh3 Kxh3 64. b5 Kg3 65. b6 Kf3 66. Ke5
Kg4 67. Kd4 Kg5 68. Ke5 Kg6 69. Kf4 Kf6 70. Kg3 Ke5 71. Kf2 Kd6 72. Kg3 Kc6 73.
Kf4 Kxb6 74. Ke5 Kc5 75. Kf4 Kc4 76. Kg3 Kd3 77. Kf2 Bd5 78. Kg3 Kxe3 79. Kh2
f4 80. Kg1 Ke2 81. Kh2 f3 82. Kg1 f2+ 83. Kh2 f1=Q 84. Kg3 Qf3+ 85. Kh4 Qg2 86.
Kh5 Kf3 87. Kh6 Kf4 88. Kh7 Kf5 89. Kh8 Kf6 90. Kh7 Qg7# 0-1

[Event "DVM U20w 2003"]
[Site "Ditzingen GER"]
[Date "2003.12.30"]
[Round "7"]
[White "Giersiepen, Annika"]
[Black "Schuster, Kathrin"]
[Result "1-0"]
[Termination "normal"]
[Board "4.4"]
[WhiteElo "1433"]
[BlackElo "913"]
[WhiteTeam "Hamburger SK von 1830"]
[BlackTeam "Allersberger SC 2000"]
[PlyCount "117"]
[EventCountry "GER"]
[EventRounds "7"]
[EventType "team-swiss"]
[EventDate "2003.12.26"]

1. e4 e5 2. Nf3 Nc6 3. Bc4 Nf6 4. d3 Bc5 5. Bg5 d6 6. h3 h6 7. Bh4 a6 8. Nc3
Nd4 9. Nd5 Be6 10. Nxf6+ gxf6 11. Bxe6 fxe6 12. Nxd4 exd4 13. Qh5+ Kd7 14. Qf7+
Qe7 15. Qxf6 Qxf6 16. Bxf6 Raf8 17. Bxh8 Rxh8 18. Ke2 Rg8 19. g4 e5 20. Raf1 c6
21. f4 d5 22. exd5 cxd5 23. fxe5 Rg5 24. Rf5 Ke6 25. Rxg5 hxg5 26. Kf3 Kxe5 27.
Re1+ Kd6 28. Re8 Kd7 29. Re5 Be7 30. Rxd5+ Ke6 31. Rxd4 Bc5 32. Rc4 Kd5 33. Re4
b5 34. c4+ bxc4 35. Rxc4 Bd4 36. b3 a5 37. Ra4 Bb6 38. b4 axb4 39. Rxb4 Bc5 40.
Rb5 Kd4 41. Rxc5 Kxc5 42. Ke4 Kb4 43. d4 Kc4 44. Kf5 Kxd4 45. Kxg5 Ke5 46. a4
Kd6 47. h4 Ke7 48. a5 Kd8 49. a6 Kc8 50. h5 Kb8 51. h6 Ka7 52. h7 Kxa6 53. h8=Q
Ka5 54. Qb2 Ka4 55. Kf5 Ka5 56. Ke5 Ka4 57. Kd5 Ka5 58. Kc5 Ka4 59. Qb4# 1-0

[Event "DVM U20w 2003"]
[Site "Ditzingen GER"]
[Date "2003.12.30"]
[Round "7"]
[White "Gasch, Franziska"]
[Black "Schulz, Stefanie"]
[Result "1/2-1/2"]
[Termination "normal"]
[Board "5.1"]
[WhiteElo "1544"]
[BlackElo "2097"]
[WhiteTeam "SC Leipzig-Lindenau"]
[BlackTeam "SK König Tegel 49"]
[PlyCount "88"]
[WhiteFideId "24632139"]
[BlackFideId "4693060"]
[EventCountry "GER"]
[EventRounds "7"]
[EventType "team-swiss"]
[EventDate "2003.12.26"]

1. e4 g6 2. d4 Bg7 3. Nf3 d6 4. c3 Nf6 5. Bd3 O-O 6. O-O Nbd7 7. Nbd2 Ne8 8.
Nb3 e5 9. Bg5 f6 10. Be3 Nb6 11. h3 Be6 12. Qe2 Qe7 13. Nh2 f5 14. f4 fxe4 15.
Bxe4 d5 16. Bc2 e4 17. Nc5 Nd6 18. Nxe6 Qxe6 19. Ng4 Nf5 20. Bf2 c6 21. b3 Rae8
22. Rae1 Nh6 23. Nxh6+ Bxh6 24. Be3 Nd7 25. Kh1 Qd6 26. g3 Rf7 27. Kg2 Ref8 28.
Rf2 Nb6 29. Ref1 Nc8 30. Qe1 Ne7 31. Bd1 Nf5 32. Bc1 g5 33. Bg4 gxf4 34. Bxf4
Bxf4 35. Rxf4 Nh4+ 36. Kg1 Rxf4 37. Rxf4 Ng6 38. Rxf8+ Qxf8 39. Qf2 Qxf2+ 40.
Kxf2 Ne7 41. Ke3 Kf7 42. Kf4 Kf6 43. h4 Ng6+ 44. Ke3 Ne7 1/2-1/2

[Event "DVM U20w 2003"]
[Site "Ditzingen GER"]
[Date "2003.12.30"]
[Round "7"]
[White "Rath, Alina"]
[Black "Köditz, Katja"]
[Result "1/2-1/2"]
[Termination "normal"]
[Board "5.2"]
[WhiteElo "1724"]
[BlackElo "1566"]
[WhiteTeam "SK König Tegel 49"]
[BlackTeam "SC Leipzig-Lindenau"]
[PlyCount "56"]
[WhiteFideId "24607886"]
[EventCountry "GER"]
[EventRounds "7"]
[EventType "team-swiss"]
[EventDate "2003.12.26"]

1. c4 Nf6 2. d4 g6 3. Nc3 Bg7 4. Nf3 d6 5. Bf4 O-O 6. e3 Re8 7. Be2 Nbd7 8. O-O
b6 9. Qd2 Bb7 10. Rfe1 e5 11. dxe5 dxe5 12. Bg5 Qc8 13. Rad1 Nc5 14. Bh4 Qe6
15. b4 Nce4 16. Nxe4 Nxe4 17. Qc2 Qg4 18. Bg3 Nxg3 19. hxg3 e4 20. Nd4 Qg5 21.
Nb5 Re7 22. Rd2 Be5 23. Red1 a6 24. Nc3 Bxg3 25. fxg3 Qxe3+ 26. Kh2 Qh6+ 27.
Kg1 Qe3+ 28. Kh2 Qh6+ 1/2-1/2

[Event "DVM U20w 2003"]
[Site "Ditzingen GER"]
[Date "2003.12.30"]
[Round "7"]
[White "Spangenberg, Pia"]
[Black "Neldner, Uta"]
[Result "0-1"]
[Termination "normal"]
[Board "5.3"]
[WhiteElo "1014"]
[BlackElo "1702"]
[WhiteTeam "SC Leipzig-Lindenau"]
[BlackTeam "SK König Tegel 49"]
[PlyCount "74"]
[WhiteFideId "4627989"]
[BlackFideId "24604070"]
[EventCountry "GER"]
[EventRounds "7"]
[EventType "team-swiss"]
[EventDate "2003.12.26"]

1. e4 c5 2. Nf3 Nc6 3. d4 cxd4 4. Nxd4 Nf6 5. Nc3 e5 6. Nb3 Bb4 7. Bg5 Bxc3+ 8.
bxc3 d6 9. Be2 O-O 10. O-O h6 11. Bh4 g5 12. Bg3 Nxe4 13. Qd3 Nf6 14. f3 Be6
15. Rad1 d5 16. Nc5 Nh5 17. Nxb7 Qb6+ 18. Bf2 Qxb7 19. f4 Nxf4 20. Qf3 h5 21.
Qe3 Nxe2+ 22. Qxe2 h4 23. Qh5 f6 24. Qg6+ Qg7 25. Qd3 Rac8 26. Qa6 Qf7 27. a3
d4 28. cxd4 Bc4 29. Qa4 Bxf1 30. Kxf1 Nxd4 31. Bxd4 exd4 32. Rxd4 Rfd8 33. Rb4
Rd1+ 34. Ke2 Rcd8 35. c4 Qe6+ 36. Kf2 R8d2+ 37. Kf3 Qe2# 0-1

[Event "DVM U20w 2003"]
[Site "Ditzingen GER"]
[Date "2003.12.30"]
[Round "7"]
[White "König, Laura"]
[Black "Bähr, Madeleine"]
[Result "1-0"]
[Termination "normal"]
[Board "5.4"]
[WhiteElo "1183"]
[BlackElo "524"]
[WhiteTeam "SK König Tegel 49"]
[BlackTeam "SC Leipzig-Lindenau"]
[PlyCount "83"]
[EventCountry "GER"]
[EventRounds "7"]
[EventType "team-swiss"]
[EventDate "2003.12.26"]

1. e4 e5 2. Nf3 Nc6 3. d4 Bd6 4. Nc3 Nf6 5. Bc4 O-O 6. O-O Ng4 7. h3 exd4 8.
Nxd4 Nxd4 9. Qxg4 Bc5 10. Bh6 g6 11. Bxf8 Qxf8 12. Rad1 d6 13. Qf4 Be6 14. Bxe6
Nxe6 15. Qd2 a5 16. Nd5 c6 17. Nf6+ Kh8 18. Qc3 h6 19. Nd7+ Qg7 20. Qxg7+ Kxg7
21. Nxc5 Nxc5 22. Rxd6 Nxe4 23. Rd7 Nc5 24. Rc7 a4 25. Re1 Rd8 26. Ree7 Rd1+
27. Kh2 Nd7 28. Rcxd7 Ra1 29. Rxf7+ Kg8 30. Rxb7 Rd1 31. Rfc7 Rd8 32. Rxc6 a3
33. bxa3 h5 34. a4 g5 35. a5 Kf8 36. a6 Ke8 37. a7 h4 38. Rb8 Kd7 39. Rxd8+
Kxd8 40. a8=Q+ Kd7 41. Qb7+ Kd8 42. Rc8# 1-0

[Event "DVM U20w 2003"]
[Site "Ditzingen GER"]
[Date "2003.12.30"]
[Round "7"]
[White "Wolfram, Julia"]
[Black "Weiß, Katharina"]
[Result "0-1"]
[Termination "normal"]
[Board "6.1"]
[WhiteElo "1406"]
[BlackElo "1618"]
[WhiteTeam "TSV Zeulenroda"]
[BlackTeam "ESV Delitzsch"]
[PlyCount "65"]
[BlackFideId "24692859"]
[EventCountry "GER"]
[EventRounds "7"]
[EventType "team-swiss"]
[EventDate "2003.12.26"]

1. d4 d5 2. e3 e6 3. Bd3 Nf6 4. f4 Nbd7 5. Nf3 c5 6. c3 Be7 7. O-O c4 8. Bc2 b5
9. Ne5 Qc7 10. Nd2 a5 11. g4 h6 12. Qf3 O-O 13. g5 hxg5 14. fxg5 Nxe5 15. dxe5
Nd7 16. Qh3 g6 17. Nf3 Nxe5 18. e4 Nxf3+ 19. Qxf3 Bb7 20. Be3 Qe5 21. Bf4 dxe4
22. Rae1 Bxg5 23. Bxe4 Qxf4 24. Bxb7 Qxf3 25. Rxf3 Rab8 26. Be4 Rfd8 27. Re2
Rd1+ 28. Kg2 Rd2 29. Rxd2 Bxd2 30. h4 b4 31. cxb4 Rxb4 32. b3 cxb3 33. axb3 0-1

[Event "DVM U20w 2003"]
[Site "Ditzingen GER"]
[Date "2003.12.30"]
[Round "7"]
[White "Müller, Silvana"]
[Black "Kohl, Annette"]
[Result "1/2-1/2"]
[Termination "normal"]
[Board "6.2"]
[WhiteElo "1418"]
[BlackElo "1494"]
[WhiteTeam "ESV Delitzsch"]
[BlackTeam "TSV Zeulenroda"]
[PlyCount "51"]
[EventCountry "GER"]
[EventRounds "7"]
[EventType "team-swiss"]
[EventDate "2003.12.26"]

1. e4 e5 2. Nf3 Nf6 3. Nc3 Nc6 4. Bc4 Bc5 5. d3 h6 6. Be3 Bb4 7. O-O d6 8. a3
Ba5 9. b4 Bb6 10. h3 Ne7 11. d4 exd4 12. Bxd4 Bxd4 13. Qxd4 O-O 14. Rad1 Bd7
15. Nd5 Nexd5 16. Bxd5 Nxd5 17. exd5 Re8 18. Rfe1 a5 19. c4 axb4 20. axb4 Ra4
21. Qc3 Qa8 22. Rxe8+ Bxe8 23. Re1 Bd7 24. c5 Ra3 25. Qc1 Bxh3 26. Re8+ 1/2-1/2

[Event "DVM U20w 2003"]
[Site "Ditzingen GER"]
[Date "2003.12.30"]
[Round "7"]
[White "Weise, Lisa"]
[Black "Warnick, Anita"]
[Result "1-0"]
[Termination "normal"]
[Board "6.3"]
[WhiteElo "1277"]
[BlackElo "883"]
[WhiteTeam "TSV Zeulenroda"]
[BlackTeam "ESV Delitzsch"]
[PlyCount "55"]
[EventCountry "GER"]
[EventRounds "7"]
[EventType "team-swiss"]
[EventDate "2003.12.26"]

1. e4 e5 2. Nf3 Nc6 3. Bc4 Nf6 4. d3 d5 5. exd5 Nxd5 6. c3 Be6 7. Ng5 Qd7 8.
Nxe6 Qxe6 9. Qf3 O-O-O 10. Nd2 Bc5 11. Ne4 Bb6 12. Ng5 Qd7 13. Nxf7 Rdf8 14.
Qxd5 Qxd5 15. Bxd5 Rhg8 16. Be3 Bxe3 17. fxe3 Re8 18. O-O-O h6 19. Rhf1 Nd8 20.
Nxd8 Rxd8 21. Bxg8 Rxg8 22. Rf7 b6 23. Re7 g5 24. Rxe5 h5 25. Rf1 g4 26. Rxh5
g3 27. Rh3 Kb7 28. Rf5 1-0